000
00305nam a22001337a 4500
008
181105b xxu||||| |||| 00| 0 eng d
020
_a
9780072845822
041
_a
eng
080
_a
316
100
_a
50
101
_a
SOC
245
_a
Social Policy for Effective Practice
_c
Chapin, R
942
_2
udc
_c
BK
999
_c
51911
_d
51911